000 02042nam0a2200397 4500
001 RU\NLR\BIBL_A\010450099
005 20221101153533.0
010 _a978-5-85879-869-9
_9700
021 _aRU
_b2014-41393
_92521
035 _a(NLR Aleph) 010450099
035 _a(NILC)RuMoRGB-007502192
090 _a9924083
_c9924083
100 _a20140811d2012 u y0rusy50 ca
101 0 _arus
102 _aRU
105 _aa|||a|||001yd
200 1 _aСтепан Григорьевич Писахов
_eбиблиографический указатель
_fГос. бюджетное образовательное учреждение культуры Архангельской обл. "Архангельская обл. науч. ордена "Знак Почета" б-ка им. Н. А. Добролюбова"
_g[сост.: Н. А. Королькова, Л. А. Толочин]
210 _aАрхангельск
_cПравда Севера
_d2012
215 _a220, [3] с., [4] л. ил., портр.
_cил., портр.
_d17
225 1 _aСеверная библиотека
300 _aЗагл. обл.: Степан Писахов
320 _aУказ.: с. 192-207
512 1 _aСтепан Писахов
600 1 _aПисахов
_bС.Г.
_gСтепан Григорьевич
_f1879 - 1960
_jБиобиблиография
_2nlr_sh2
_3RU\NLR\AUTH\66414862
686 1 _aШ5(2=Р)7-4Писахов
686 1 _aЩ143(2Р=Рус)7-8Писахов
702 1 _aПисахов
_bС. Г.
_f1879-1960
_gСтепан Григорьевич
_3RU\NLR\AUTH\7732384
_4570
702 1 _aКоролькова
_bН. А.
_4220
712 0 2 _aАрхангельская областная научная библиотека им. Н. А. Добролюбова
_3RU\NLR\AUTH\889963755
_4570
801 0 _aRU
_bРГБ
_c20140604
_gRCR
942 _cBOOK
980 _aNBR
980 _aNB